| 000 | 00431nam a2200157 u 4500 | ||
|---|---|---|---|
| 001 | 000023607 | ||
| 005 | 20200930022338.0 | ||
| 008 | 101215s1961 sp a r 000 | spa d | ||
| 040 |
_aDO-SdBNP _bspa _cBNPHU |
||
| 082 |
_axxx _bP579m |
||
| 100 | 1 |
_aPia Giudici, María _948648 |
|
| 245 | 1 | 0 |
_aMadre y maestra / _cMaría Pia Giudici. |
| 260 |
_aBarcelona : _bLibreria Salesiana, _c1961. |
||
| 300 |
_a208 p. ; _c17 cm. |
||
| 049 | _aBNGR | ||
| 999 |
_c23103 _d23103 |
||